Geografické aspekty marketingového mixu v maloobchode

Prispôsobovanie ponuky z hľadiska marketingu. Typy správaní európskych spotrebiteľov. Prispôsobovanie ponuky v rámci nákupných oblastí. Marketingová komunikácia a geomarketing. Cena a geomarketing. Geomarketing v distribúcii.

Gespeichert in:
Bibliographische Detailangaben
1. Verfasser: Kita, Jaroslav
Format: Buchkapitel
Sprache:Slowakisch
Schlagworte:
Tags: Tag hinzufügen
Keine Tags, Fügen Sie das erste Tag hinzu!

MARC

LEADER 00000naa$a2200000$$$4500
001 0144288
005 20240530082555.7
041 0 |a slo 
044 |a SK 
245 1 0 |a Geografické aspekty marketingového mixu v maloobchode  |c Jaroslav Kita 
520 |a Prispôsobovanie ponuky z hľadiska marketingu. Typy správaní európskych spotrebiteľov. Prispôsobovanie ponuky v rámci nákupných oblastí. Marketingová komunikácia a geomarketing. Cena a geomarketing. Geomarketing v distribúcii. 
610 2 0 |a marketing mix 
610 2 0 |a komunikácia marketingová 
610 2 0 |a produkty 
610 2 0 |a distribúcia 
610 2 0 |a ceny 
610 2 0 |a náklady 
610 2 0 |a lokalizácia 
610 2 0 |a maloobchod 
100 1 |a Kita, Jaroslav